| 000 | 007240000a22002530004500 | ||
|---|---|---|---|
| 003 | LK-CoMWRAF | ||
| 008 | 230817t ||||| |||| 00| 0 eng d | ||
| 020 | _a13591398 | ||
| 040 |
_aLK-CoMWRAF _dLK-CoMWRAF _eLK-CoMWRAF |
||
| 041 | _aeng | ||
| 082 |
_a330 _bMAR |
||
| 100 | _aMarcus, Rachel | ||
| 245 |
_aViolence against women in Bangladesh, Pakistan, Egypt,Sudan, Senegal and Yemen _bReport prepared for special programme WID, Netherlands ministry of.. |
||
| 260 |
_aUK _bIDS _c1993 |
||
| 300 | _ap.17 | ||
| 650 | _aviolence against women | ||
| 650 | _awomen-BANGLA | ||
| 650 | _awomen-egypt | ||
| 650 | _awomen-PAK | ||
| 650 | _awomen-Senegal | ||
| 650 | _awomen-Sudan | ||
| 650 | _awomen-Yemen | ||
| 942 | _cBK | ||
| 999 |
_c3009 _d3009 |
||